[Event "GRE-ch U18"]
[Site "Niforeika"]
[Date "2000.04.23"]
[Round "3.3"]
[White "Tsanas, Thanasis"]
[Black "Andreou, Dimitrios"]
[Result "1-0"]
[WhiteElo "2149"]
[BlackElo "2010"]
[PlyCount "29"]
[EventDate "2000.??.??"]
[EventType "swiss"]
[EventRounds "7"]
[EventCountry "GRE"]
[SourceTitle "EXT 2004"]
[Source "ChessBase"]
[SourceDate "2003.11.25"]
[SourceVersion "1"]
[SourceVersionDate "2003.11.25"]
[SourceQuality "1"]

1. c4 Nf6 2. g3 e6 3. Bg2 d5 4. Nf3 Nbd7 5. 0-0 Bd6 6. b3 0-0 7. Bb2 c6 8. d4 Qe7 9. Ne5 Bxe5 10. dxe5 Ng4 11. e4 Ngxe5 12. exd5 exd5 13. cxd5 Nb6 14. Re1 Bg4 15. Qd2 1-0